000 00478nam a2200181 i 4500
001 71835
003 ES-MaACL
005 20250728092618.0
007 t|
008 040819s1965 sp ||||1| spa d
245 0 0 _aGibraltar en el pasado.
260 _aMadrid :
_bS.I.E.,
_c1965.
300 _a92 p., 15 lám. ;
_c21 cm.
490 1 _aDocumentos históricos
830 0 0 _aDocumentos históricos
_9183347
852 _aES-MaACL
_jC-28487
_bR.56930
999 _c71835
_d71835